000 00309 a2200145 4500
001 107004
041 _apor
090 _aDVD 0162
245 1 0 _aBrincando com Ênio e Beto
250 _a. ed.
300 _a1 dvd (30 min.)
040 _aBR-BrIDEA
_cBR-BrIDEA
260 _a[S.l.]
_bRimo
_c2008
942 _cCF
999 _c107004
_d107004